00421nam a2200157 a 4500008004100000020001500041050002100056100001800077245001500095246004900110260004200159300002100201350000900222500001700231650001500248120416s2004 ||||||||||||||||| || u a019852949X aTA 357.5.T87 Dav aDavidson, P.A10aTurbulence aan introduction for scientists and engineers aOxfordbOxford University Pressc2004 axix,657p. : ill. a0.00 aBibliography aTURBULENCE